000 00451nam a2200181Ia 4500
001 15491
003 IN-NITTTR
005 20251114233146.0
008 251113s9999||||xx |||||||||||||| ||eng||
040 _beng
040 _cIN-NITTTR
041 _aeng
082 _a620.1 B63A
100 _aBoothroyd, G.
245 0 _aApplied engineering mechanics :
_b statics and dynamics. /
_cBoothroyd, G., Poli, C.
700 _a Poli, C.
942 _2ddc
_cBK
999 _c18125
_d18125